000 00706nam a22002417a 4500
003 UA-OsUOA
001 29974
007 ta
008 20041102b un ||||| |||| 00| 0 ukr d
090 _a908(477.81):929
_bІ-32
942 _cBK
040 _aUA-OsUOA
_bukr
_cUA-OsUOA
_dUA-OsUOA
245 _aІз криниці печалі
_bЗбірник спогадів та документів
_cРед. П.Веселик І.Нагорна Л.Рибенко Є.Шморгун В.Яящук
300 _a139 с.
955 _a0
041 _aukr
080 _a908(477.81):929
260 _aРівне
_bАзалія
_c1995
246 3 1 _aВып. 2
_n
044 _aUA
650 7 _2UDC
999 _c316374
_d316374